Neural networks in finance : (Record no. 18760)
[ view plain ]
| 000 -LEADER | |
|---|---|
| fixed length control field | 00980cam a22002774a 4500 |
| 001 - CONTROL NUMBER | |
| control field | 13735000 |
| 005 - DATE AND TIME OF LATEST TRANSACTION | |
| control field | 20201128021143.0 |
| 008 - FIXED-LENGTH DATA ELEMENTS--GENERAL INFORMATION | |
| fixed length control field | 040929t2005 xxuadk frb 001 0 eng d |
| 010 ## - LIBRARY OF CONGRESS CONTROL NUMBER | |
| LC control number | 2004022859 |
| 020 ## - INTERNATIONAL STANDARD BOOK NUMBER | |
| International Standard Book Number | 0124859674 |
| 020 ## - INTERNATIONAL STANDARD BOOK NUMBER | |
| International Standard Book Number | 9780124859678 |
| 040 ## - CATALOGING SOURCE | |
| Original cataloging agency | DLC |
| Transcribing agency | DLC |
| Modifying agency | DLC |
| -- | EG-ScBUE |
| 082 00 - DEWEY DECIMAL CLASSIFICATION NUMBER | |
| Classification number | 332.0285632 |
| Edition number | 22 |
| Item number | MCN |
| 100 1# - MAIN ENTRY--PERSONAL NAME | |
| Personal name | McNelis, Paul D. |
| 9 (RLIN) | 36886 |
| 245 10 - TITLE STATEMENT | |
| Title | Neural networks in finance : |
| Remainder of title | gaining predictive edge in the market / |
| Statement of responsibility, etc | Paul D. McNelis. |
| 260 ## - PUBLICATION, DISTRIBUTION, ETC. (IMPRINT) | |
| Place of publication, distribution, etc | Burlington, United States ; |
| -- | London : |
| Name of publisher, distributor, etc | Elsevier Academic Press, |
| Date of publication, distribution, etc | c.2005. |
| 300 ## - PHYSICAL DESCRIPTION | |
| Extent | xv, 243 p. : |
| Other physical details | charts, forms, tables ; |
| Dimensions | 23 cm. |
| 490 0# - Series Statement | |
| Series statement | Academic Press advanced finance series |
| 500 ## - GENERAL NOTE | |
| General note | Index : p. 233-243. |
| 504 ## - BIBLIOGRAPHY, ETC. NOTE | |
| Bibliography, etc | Bibliography : p. 221-231. |
| 650 #0 - SUBJECT ADDED ENTRY--TOPICAL TERM | |
| Topical term or geographic name as entry element | Finance |
| General subdivision | Decision making |
| -- | Data processing |
| 9 (RLIN) | 1662 |
| 650 #0 - SUBJECT ADDED ENTRY--TOPICAL TERM | |
| Topical term or geographic name as entry element | Neural networks (Computer science) |
| 9 (RLIN) | 2046 |
| 653 ## - INDEX TERM--UNCONTROLLED | |
| Resource For college | BAEPS, Business Administration |
| Arrived date list | December2014 |
| 655 ## - INDEX TERM--GENRE/FORM | |
| Form subdivision | |
| -- | 34232 |
| 942 ## - ADDED ENTRY ELEMENTS (KOHA) | |
| Source of classification or shelving scheme | Dewey Decimal Classification |
| Call number prefix | 332.0285632 MCN |
| Withdrawn status | Item status | Source of classification or shelving scheme | Damaged status | Not for loan | Vendor | Home library | Current library | Shelving location | Date acquired | Source of acquisition | Cost, normal purchase price | Serial Enumeration / chronology | Total Checkouts | Full call number | Barcode | Date last seen | Cost, replacement price | Koha item type |
|---|---|---|---|---|---|---|---|---|---|---|---|---|---|---|---|---|---|---|
| Dewey Decimal Classification | Baccah | Central Library | Central Library | First floor | 11/12/2014 | 472.00 | 20677 | 332.0285632 MCN | 000037157 | 15/07/2025 | 590.00 | Book - Borrowing |